Fawad Al-Fuad (malfuzat) (Record no. 3879)

MARC details
000 -LEADER
fixed length control field 00595nam a2200241 a 4500
020 ## - INTERNATIONAL STANDARD BOOK NUMBER
ISBN
082 00 - DEWEY DECIMAL CLASSIFICATION NUMBER
Classification number 297.4
Author Cutter NIZ4
100 ## - MAIN ENTRY--AUTHOR NAME
Author name Nizamuddin Shaikh,
245 ## - TITLE STATEMENT
Title Fawad Al-Fuad (malfuzat)
260 ## - PUBLICATION, DISTRIBUTION, ETC. (IMPRINT)
Place of publication Delhi
Name of publisher Kutub Khana Azizia
Year of publication 0000
300 ## - PHYSICAL DESCRIPTION
Number of Pages 472p
500 ## - GENERAL NOTE
General note includes index and biblioraphy
505 2# - FORMATTED CONTENTS NOTE
Formatted contents note 4 parts bound together
650 ## - SUBJECT ADDED ENTRY--TOPICAL TERM
Topical Term Sufism-Malfoozat
942 ## - ADDED ENTRY ELEMENTS (KOHA)
Koha item type Books
700 1# -
-- Nizamuddin Shaikh,
Holdings
Collection code Home library Current library Date acquired Cost, normal purchase price Full call number Accession Number Koha item type
  Henry Martyn Institute Library Henry Martyn Institute Library 09/27/2007 10.00 297.4 NIZ4 09082 Books
                   Copyright © 2026 | Henry Martyn Institute | Hyderabad | TS-500052 | INDIA | Implemented by hmi.edu.in
Hit-Count:

Powered by Koha